|
|
|
|
| LEADER |
00000nam a2200000Ii 4500 |
| 001 |
DIGINTRMED0048 |
| 003 |
NyNyDIG |
| 008 |
230721s1999 ck a o 000 0bspa d |
| 006 |
m o d |
| 007 |
cr ||||||||||| |
| 035 |
|
|
|a (OCoLC)1391273583
|
| 040 |
|
|
|a DGITA
|b eng
|e rda
|e pn
|c DGITA
|
| 020 |
|
|
|a 9789587573428
|q eBook
|
| 043 |
|
|
|a s-ck---
|
| 050 |
1 |
4 |
|a HC196.5.A2 ebook
|
| 100 |
1 |
|
|a Morales, Hollmann,
|d 1955-
|e author.
|
| 245 |
1 |
0 |
|a A puro pulso /
|c Hollmann Morales.
|
| 250 |
|
|
|a Primera edición en rústica.
|
| 264 |
|
1 |
|a Bogotá, Colombia :
|b Círculo de Lectorio :
|b Intermedio Editores,
|c [1999]
|
| 300 |
|
|
|a 1 online resource :
|b illustrations.
|
| 336 |
|
|
|a text
|b txt
|2 rdacontent
|
| 337 |
|
|
|a computer
|b c
|2 rdamedia
|
| 338 |
|
|
|a online resource
|b cr
|2 rdacarrier
|
| 347 |
|
|
|a text file
|2 rdaft
|
| 347 |
|
|
|b EPUB
|
| 490 |
1 |
|
|a Crónicas y reportajes
|
| 500 |
|
|
|a "Los dueños de Jolie de Vogue, Colchones Eldorado, Radio Taxi Aeropuesrto S.A., Betatonio, Servientrega, Baterías MAC, Carrocerías El Sol, OP Gráficas "--Cover.
|
| 500 |
|
|
|a "Cuentan cómo alcanzaron el éxito partiendo de cero"--Cover.
|
| 588 |
0 |
|
|a Online resource; title from ePub title page (Digitalia, viewed July 21, 2023)
|
| 650 |
|
0 |
|a Businesspeople
|z Colombia
|v Biography.
|
| 650 |
|
0 |
|a Success in business
|z Colombia.
|
| 791 |
2 |
|
|a Digitalia (Firm),
|e distributor.
|
| 793 |
0 |
|
|g Digitalia eBook Collection:
|a Intermedio Editores
|
| 830 |
|
0 |
|a Crónicas y reportajes (Bogotá, Colombia)
|
| 856 |
4 |
0 |
|3 Digitalia Hispánica
|u https://www.digitaliapublishing.com/a/52348/
|
| 910 |
|
|
|a Premium collection: 2023
|